|
|
|
|
| LEADER |
02185nam a2200457Ii 4500 |
| 001 |
28149 |
| 003 |
BD-DhAAL |
| 005 |
20190523115631.0 |
| 008 |
140812t20142014sz abe 000 0 eng |
| 999 |
|
|
|c 32882
|d 32882
|
| 020 |
|
|
|a 9783037783764 (hardback)
|
| 020 |
|
|
|a 3037783761 (hardback)
|
| 035 |
|
|
|a NHCCYBP
|
| 035 |
|
|
|a (OCoLC)871192948
|
| 035 |
|
|
|a (OCoLC)842364020
|
| 035 |
|
|
|a NHCCYBP
|
| 040 |
|
|
|a AU@
|b eng
|c AU@
|e rda
|d YDXCP
|d BTCTA
|d ERASA
|d UKMGB
|d BDX
|d OCLCQ
|d OCLCO
|d DEBBG
|d KSU
|d BD-DhAAL
|
| 041 |
|
|
|a eng
|
| 043 |
|
|
|a a-cc---
|
| 049 |
|
|
|a MYGR
|
| 050 |
|
4 |
|a NA737.H56
|b A4 2014
|
| 082 |
0 |
4 |
|a 720.92
|2 23
|
| 100 |
1 |
|
|a Holl, Steven,
|e architect.
|9 5451
|
| 245 |
1 |
0 |
|a Urban hopes :
|b made in China by Steven Holl /
|c Christoph a. Kumpusch, editor.
|
| 246 |
3 |
0 |
|a Made in China by Steven Holl
|
| 260 |
|
|
|a Zürich :
|b Lars Müller,
|c 2014.
|
| 300 |
|
|
|a 291 pages :
|b chiefly color illustrations, maps, plans ;
|c 17 cm.
|
| 505 |
0 |
|
|a Oceanic / Balthasar Holz -- Introduction / Steven Holl -- Urban manifestos -- Histories -- Tianjin Museums (Tianjin, China) -- Horizontal skyscraper (Vanke Center, Shenzhen, China) -- Sliced porosity block (Chengdu, China) -- Linked hybrid (Beijing, China) -- Tropical porosity plan (Dongguan, China) -- Conclusion: irrationale / Christoph a. Kumpusch.
|
| 520 |
|
|
|a In content and format the book reflects such juxtaposition, featuring images and graphic documentation of Steven Holl's recent works realized in China alongside critiques and analyses by a new generation of theorists.
|
| 526 |
|
|
|a ARC
|
| 541 |
|
|
|e 28149
|
| 600 |
1 |
0 |
|a Holl, Steven
|v Pictorial works.
|9 5452
|
| 650 |
|
0 |
|a Architecture
|z China
|x History
|y 20th century
|v Pictorial works.
|9 5453
|
| 650 |
|
0 |
|a Architecture, Modern
|y 20th century
|v Pictorial works.
|9 5454
|
| 650 |
|
0 |
|a Architectural drawing.
|9 5455
|
| 650 |
|
0 |
|a Architectural design.
|9 5456
|
| 650 |
0 |
7 |
|a Architektur.
|2 gnd
|9 5457
|
| 651 |
|
7 |
|a China.
|2 gnd
|9 5458
|
| 700 |
1 |
|
|a Kumpusch, Christoph a.,
|e editor.
|9 5459
|
| 942 |
|
|
|2 ddc
|c BK
|
| 952 |
|
|
|0 0
|1 0
|2 ddc
|4 0
|6 720_920000000000000_HOL
|7 0
|9 43400
|a BRACUL
|b BRACUL
|c GEN
|d 2014-08-12
|l 13
|m 61
|o 720.92 HOL
|p 3010028149
|r 2025-07-30
|s 2025-07-21
|t 1
|w 2014-08-12
|y BK
|